[Event "Moncada Cup-I"]
[Site "Santiago de Cuba"]
[Date "2019.03.22"]
[Round "3.2"]
[White "Garces Rosales, Diana"]
[Black "Diaz Campo, Ariadna Haynoa"]
[Result "1-0"]
[WhiteElo "1766"]
[BlackElo "1712"]
[PlyCount "59"]
[EventDate "2019.03.20"]
[EventType "tourn"]
[EventRounds "10"]
[EventCountry "CUB"]
[SourceTitle "EXT 2023"]
[Source "ChessBase"]
[SourceDate "2022.10.05"]
[SourceVersion "1"]
[SourceVersionDate "2022.10.05"]
[SourceQuality "1"]

1. d4 Nf6 2. Nf3 e6 3. c4 b6 4. g3 Bb7 5. Bg2 Be7 6. b3 d5 7. Bb2 Nbd7 8. Nbd2 c5 9. 0-0 0-0 10. Rc1 Rc8 11. Ne5 Qc7 12. Ndf3 Ne4 13. Qd3 f6 14. Nxd7 Qxd7 15. Rfd1 cxd4 16. Bxd4 e5 17. Bb2 Rfd8 18. cxd5 Rxc1 19. Rxc1 Bxd5 20. Rd1 Qe6 21. Qb1 Bc5 22. e3 Qc6 23. Ne1 Ng5 24. h4 Ne6 25. e4 Nd4 26. exd5 Qb5 27. Qd3 Qa5 28. a4 a6 29. Nc2 Nxc2 30. Qxc2 1-0